000 00436nam a2200145Ia 4500
008 220214s9999 xx 000 0 und d
022 _a0032-096X
245 0 _aPLANTERS' BULLETIN
260 _bRubber Research Institute of Malaysia, Kuala Lumpur
_aMalaysia
310 _aQ
500 _aEnding Volume & Year: , 1998
500 _aMissing Volume: 2;7;18-21;23;24;26;1996;1997
500 _aStarting Volume & Year: 1, 1939
942 _cBJ
999 _c3133
_d3133